000 01064nam a2200265Ia 4500
003 OSt
005 20220923211232.0
006 a|||||r|||| 00| 0
007 ta
008 220922b |||||||| |||| 00| 0 hin d
020 _a9788171245680 (hbk)
_c180
024 _a238,691
037 _b455, 21/03/2009, Vani Prakashan
_cTextual
040 _aARTS
_cARTS
_bhin
041 _2hin
_ahin
082 _aO44,1:g, 152P7
100 _aत्रिपाठी, राधावल्लभ
_9156299
245 0 _aभारतीय काव्यशास्त्र की आचार्य - परम्परा
246 _aBhāratīya kāvyashāstra kī āchārya - paramparā
260 _aवाराणसी
_b विश्वविद्यालय प्रकाशन
_c2007
300 _a160पृ.
_ccm.
650 _aहिन्दी साहित्य
_9156264
942 _hO44,1:g, 152P7
_cTEXL
_2CC
999 _c297391
_d297391